LEADER 01542oam 2200433 a 450 001 9910697809903321 005 20090604100351.0 035 $a(CKB)5470000002392888 035 $a(OCoLC)289383667 035 $a(EXLCZ)995470000002392888 100 $a20081222d2008 ua 0 101 0 $aeng 135 $aurbn||||||||| 181 $ctxt$2rdacontent 182 $cc$2rdamedia 183 $acr$2rdacarrier 200 10$aCentral Asia$b[electronic resource] $ean overview : hearing before the Subcommittee on Asia, the Pacific, and the Global Environment of the Committee on Foreign Affairs, House of Representatives, One Hundred Tenth Congress, second session, April 8, 2008 210 1$aWashington :$cU.S. G.P.O.,$d2008. 215 $aiii, 40 pages $cdigital, PDF file 300 $aTitle from title screen (viewed on Dec. 22, 2008). 300 $a"Serial no. 110-217." 517 $aCentral Asia 606 $aHuman rights$zAsia, Central 606 $aSecurity, International$zAsia, Central 606 $aPetroleum industry and trade$zAsia, Central 606 $aGas industry$zAsia, Central 607 $aUnited States$xForeign relations$zAsia, Central 607 $aAsia, Central$xForeign relations$zUnited States 615 0$aHuman rights 615 0$aSecurity, International 615 0$aPetroleum industry and trade 615 0$aGas industry 801 0$bGPO 801 1$bGPO 801 2$bGPO 906 $aBOOK 912 $a9910697809903321 996 $aCentral Asia$9966820 997 $aUNINA